书目信息 |
| 题名: |
建设工程项目质量管理
|
|
| 作者: | 陆参 主编 | |
| 分册: | ||
| 出版信息: | 北京 中国计划出版社 2007.01 |
|
| 页数: | 554页 | |
| 开本: | 21cm | |
| 丛书名: | 新编建设工程项目管理系列手册 | |
| 单 册: | ||
| 中图分类: | TU71 | |
| 科图分类: | ||
| 主题词: | 建筑工程--jian zhu gong cheng--项目管理--质量管理 | |
| 电子资源: | ||
| ISBN: | 978-7-80177-735-5 | |
| 000 | 01011nam 2200265 450 | |
| 001 | 012007234890 | |
| 005 | 20181214144943.40 | |
| 010 | @a978-7-80177-735-5@dCNY34.00 | |
| 100 | @a20070818d2007 km y0chiy0120 ea | |
| 101 | 0 | @achi |
| 102 | @aCN@b110000 | |
| 105 | @ay a 000yy | |
| 200 | 1 | @a建设工程项目质量管理@Ajian she gong cheng xiang mu zhi liang guan li@f本书编委会编@Fben shu bian wei hui bian |
| 210 | @a北京@c中国计划出版社@d2007.01 | |
| 215 | @a554页@d21cm | |
| 225 | 2 | @a新编建设工程项目管理系列手册@Axin bian jian she gong cheng xiang mu guan li xi lie shou ce |
| 314 | @a书中题名 : 陆参主编 | |
| 320 | @a有书目。 | |
| 330 | @a本书全面系统地介绍了工程项目的质量控制与管理,内容包括:项目质量策划、项目质量控制、项目质量问题分析与处置、项目质量改进、项目质量验收等。 | |
| 410 | 0 | @12001 @a新编建设工程项目管理系列手册 |
| 606 | 0 | @a建筑工程@Ajian zhu gong cheng@x项目管理@x质量管理 |
| 690 | @aTU71@v4 | |
| 701 | 0 | @a陆参@Alu can@4主编 |
| 801 | 0 | @aCN@c20070920 |
| 905 | @dTU71@eL835 | |
| 建设工程项目质量管理/本书编委会编.-北京:中国计划出版社,2007.01 |
| 554页;21cm.-(新编建设工程项目管理系列手册) |
| ISBN 978-7-80177-735-5:CNY34.00 |
| 本书全面系统地介绍了工程项目的质量控制与管理,内容包括:项目质量策划、项目质量控制、项目质量问题分析与处置、项目质量改进、项目质量验收等。 |
| ● |
| 相关链接 |
|
|
|
正题名:建设工程项目质量管理
索取号:TU71/L835
 
预约/预借
| 序号 | 登录号 | 条形码 | 馆藏地/架位号 | 状态 | 备注 |
| 1 | 1300874 | 213008742 | 建筑库201/ [索取号:TU71/L835] | 在馆 | |
| 2 | 260579 | 202605797 | 建筑库201/201建筑库 15排4列5层/ [索取号:TU71/L835] | 在馆 | |
| 3 | 260580 | 202605804 | 建筑库201/201建筑库 15排4列5层/ [索取号:TU71/L835] | 在馆 | |
| 4 | 260581 | 202605813 | 建筑库201/201建筑库 15排4列5层/ [索取号:TU71/L835] | 在馆 |